000 00470nam a2200145Ia 4500
008 100122s9999 xx 000 0 und d
082 _b30709
_a823
100 _aहसमनीस द का
245 _aराणीन डाव जिंकला
260 _bस्मिता प्रकाशन
_c1905
300 _a178
630 _aराणीन डाव जिंकला
730 _aराणीन डाव जिंकला
942 _cBOOK
999 _c415523
_d415520